Candidats aux Élections Municipales 2026 en Île de France par images - Statistiques

Statistiques générales
  • Ce quiz a été pris 46 fois
  • Le résultat moyen est 12 sur 16
Statistiques - réponses
Par images Hint Réponse % Correct
Paris - Paris 7ème Rachida Dati
100%
Yerres Nicolas Dupont-Aignan
95%
Paris - Paris 16ème Sarah Knafo
95%
Paris Emmanuel Grégoire
90%
Pantin Nathalie Arthaud
88%
Paris Sophia Chikirou
88%
Paris 12ème Lucie Castets
85%
Paris 18ème Danièle Obono
83%
Meaux Jean-François Copé
83%
Paris Pierre-Yves Bournazel
80%
Paris Thierry Mariani
71%
Poissy Karl Olive
51%
Paris 14ème Laure Cohen (Koxie)
51%
La Courneuve Aly Diouara
39%
Drancy Jean-Christophe Lagarde
37%
La Garenne Colombes Philippe Juvin
37%
Aucun quiz correspondant
Distribution des résultats
% des personnes avec chaque résultat
Percentile par nombre de réponses
Votre historique - résultats
Vous n’avez pas pris ce quiz